| 000 | 01354nam a22003497a 4500 | ||
|---|---|---|---|
| 003 | CHAP | ||
| 005 | 20220329143618.0 | ||
| 008 | 100921s1984 mx r 00010 fre d | ||
| 010 | _a99304 | ||
| 011 | _a100276 | ||
| 035 | _a110962 | ||
| 040 | _cCHAP | ||
| 090 | _aTesis | ||
| 100 | 0 | 0 |
_aLouette, Dominique. _968612 |
| 245 | 1 | 0 |
_aGestion traditionnelle de varietes de mais dans la reserve de la biosphere sierra de Manantlan (RBSM, états de Jalisco et Colima, Mexique) et conservation in situ des ressources genetiques de plantes cultivees _c/por Dominique Louette |
| 260 |
_aMontpellier, Fra. : _bEl autor, _c1984 |
||
| 300 |
_a156 h. : _bcuadros, gráfs. |
||
| 502 | _aTesis (Ph. D. en Ciencias Agricolas) -- Ministero de Agricultura de la Escuela Nacional Superior de Montpellier | ||
| 590 |
_aALEPH _b10 _c20130110 _lUCH01 _h1536 |
||
| 590 |
_aBATCH-UPD _b10 _c20130110 _lUCH01 _h1720 |
||
| 590 |
_aBATCH-UPD _b10 _c20130410 _lUCH01 _h1104 |
||
| 590 |
_aBATCH-UPD _b10 _c20130914 _lUCH01 _h1734 |
||
| 590 |
_aCONVERSION _b10 _c20130109 _lUCH01 _h1355 |
||
| 650 | 1 | 4 |
_aMaíz _xColima. _970903 |
| 650 | 1 | 4 |
_aMaíz _xGenética. _970963 |
| 650 | 1 | 4 |
_aMaíz _xVariedades. _971081 |
| 650 | 1 | 4 |
_aMaíz _zJalisco. _971096 |
| 901 | _aBK | ||
| 911 | _aen proceso | ||
| 942 | _cTESIS | ||
| 949 |
_aTesis _bBC _cTES _d33724002217520 _eTS1 _gDonaciØn _h51078 _i110962 _sb |
||
| 999 |
_c99304 _d99304 |
||